Every Five Nights at Freddy's Death - Statistics

General Stats
  • This quiz has been taken 83 times
    5 since last reset
  • The average score is 26 of 44
Answer Stats
Timeline When and Where How Character % Correct
Game 1987, Second Freddy Fazbear's Pizza Springlocked of the Spring Bonnie suit, later resurrected as Springtrap William Afton
100%
Game 2023, Freddy Fazbear's Pizza Place Soul went to hell when Henry Emily burnt down Freddy Fazbear's Pizza Place with Scraptrap inside William Afton's Soul
100%
Game 1985, Freddy Fazbear's Pizza Murdered by William Afton, soul possessed Fredbear Cassidy
80%
Game 2023, Freddy Fazbear's Pizza Place Soul went to heaven when Henry Emily burnt down Freddy Fazbear's Pizza Place with Molten Freddy inside Cassidy's Soul
80%
Game 1983, Outside of Fredbear's Diner Killed in the alley behind Fredbear's Diner by William Afton, soul possessed the Puppet Charlotte "Charlie "Emily
80%
Movie Timeline 1982, Freddy Fazbear's Pizza Stabbed in the back three times with a kitchen knife in the original location by William Afton Charlotte "Charlie" Emily
80%
Game 2023, Freddy Fazbear's Pizza Place Soul went to heaven when Henry Emily burnt down Freddy Fazbear's Pizza Place with Lefty inside Charlotte Emily's Soul
80%
Game 1986, Circus Baby's Pizza World Pulled inside Circus Baby and crushed in her chest, later resurrected as Circus Baby Elizabeth Afton
80%
Game 2023, Freddy Fazbear's Pizza Place Soul went to heaven when Henry Emily burnt down Freddy Fazbear's Pizza Place with Scrap Baby inside Elizabeth Afton's Soul
80%
Game 2023, Freddy Fazbear's Pizza Place Committed suicide by burning down Freddy Fazbear's Pizza Place while inside Henry Emily
80%
Game 1985, Freddy Fazbear's Pizza Murdered by William Afton, soul possessed Bonnie Jeremy
80%
Game 2020's, Freddy Fazbear Virtual Experience Committed suicide by slicing his face off with a paper guillotine after seeing Glitchtrap in the Freddy Fazbear Virtual Experience Jeremy
80%
Game 2023, Freddy Fazbear's Pizza Place Soul went to heaven when Henry Emily burnt down Freddy Fazbear's Pizza Place with Molten Freddy inside Jeremy's Soul
80%
Game 2023, Freddy Fazbear's Pizza Place Immolated when Henry Emily burnt down the pizzeria with him inside Michael Afton
80%
Game 1985, Freddy Fazbear's Pizza Murdered by William Afton, soul possessed Chica Susie
80%
Game 2023, Freddy Fazbear's Pizza Place Soul went to heaven when Henry Emily burnt down Freddy Fazbear's Pizza Place with Molten Freddy inside Susie's Soul
80%
Game After 1992, Circus Baby's Entertainment & Rental Hanged by Ennard on Funtime Foxy and Ballora's stages Two Technicians
80%
Movie Timeline 2000, Freddy Fazbear's Pizza Place Face mauled off by Mr. Cupcake on the orders of Chica Carl
60%
Game 1983, Fredbear's Diner Accidentally killed when his head was crushed inside of Fredbear's mouth by Michael Afton putting his head in it, soul possessed Fredbear Dave Afton
60%
Game 2023, Freddy Fazbear's Pizza Place Soul went to heaven when Henry Emily burnt down Freddy Fazbear's Pizza Place with Molten Freddy inside Dave Afton's Soul
60%
Game 1979 Hit by a white van after chasing a ball into the street David Murray
60%
Game Before 1979 Died of unknown causes Edwin Murray Sr.
60%
Game Before 1979 Killed in a fire at Fall Fest Fiona Murray
60%
Game 1985, Freddy Fazbear's Pizza Murdered by William Afton, soul possessed Fritz Fritz
60%
Game 2023, Freddy Fazbear's Pizza Place Soul went to heaven when Henry Emily burnt down Freddy Fazbear's Pizza Place with Molten Freddy inside Fritz's Soul
60%
Game 1985, Freddy Fazbear's Pizza Murdered by William Afton, soul possessed Freddy Gabriel
60%
Game 2023, Freddy Fazbear's Pizza Place Soul went to heaven when Henry Emily burnt down Freddy Fazbear's Pizza Place with Molten Freddy inside Gabriel's Soul
60%
Game 1992, Reopened Freddy Fazbear's Pizza Killed by Fredbear during his his fourth night shift Ralph
60%
Game 1987, Second Freddy Fazbear's Pizza Murdered by William Afton 5 DCI Kids
40%
Movie Timeline 2002, Freddy Fazbear's Pizza Pulled onto the ceiling and ripped into pieces by the Mangle Alex
40%
Game 1992, Reopened Freddy Fazbear's Pizza Stuffed into a Freddy suit by Bonnie Bronwen Light
40%
Movie Timeline 1980's, Freddy Fazbear's Pizza Place Killed by William Afton Five Ghost Children
40%
Movie Timeline 2002, Schmidt Family Residence Passed on into Heaven after sacrificing themselves to save Abby Schmidt. Five Ghost Children's Souls
40%
Movie Timeline 1987, Nebraska Killed by William Afton Garrett Schmidt
40%
Movie Timeline 2000, Freddy Fazbear's Pizza Place Stabbed through the left eye by Foxy with his hook Jeff
40%
Movie Timeline 2002, Freddy Fazbear's Pizza Killed by the Marionette in an unspecified manner after being dispossessed by her Lisa
40%
Movie Timeline 2000, Freddy Fazbear's Pizza Place Bitten in half by Freddy Fazbear Maxine
40%
Movie Timeline Between 1987 and 2000 Committed suicide Mr. Schmidt
40%
Movie Timeline Between 1987 and 2000 Died of an unknown cause Mrs. Schmidt
40%
Movie Timeline 2002, East Lake Middle School Head crushed by Toy Chica with her hands Professor Berg
40%
Game After 1992, Circus Baby's Entertainment & Rental Found dead in the vents at Circus Baby's Entertainment & Reental Unnamed Body
40%
Movie Timeline 2000, Freddy Fazbear's Pizza Place Face shredded by a mask filled with spinning gears and blades Bob
20%
Movie Timeline 2000, Freddy Fazbear's Pizza Place Head smashed into a door by Bonnie Hank
20%
Movie Timeline 2002, Freddy Fazbear's Pizza Mauled to death by several Marionette dolls in the water ride Rob
20%
No matching quizzes found
Score Distribution
Percent of People with Each Score
Percentile by Number Answered
Your Score History
You have not taken this quiz since the last reset